Central Library OPAC University of Rajshahi

Fact and fiction / (Record no. 22451)

MARC details
000 -LEADER
fixed length control field 00634cam a2200229I 4500
001 - CONTROL NUMBER
control field 22451
003 - CONTROL NUMBER IDENTIFIER
rucl marc code BD-RjUL
005 - DATE AND TIME OF LATEST TRANSACTION
control field 20211209000816.0
008 - FIXED-LENGTH DATA ELEMENTS--GENERAL INFORMATION
fixed length control field 140308s19611956enk 00000 eng d
035 ## - SYSTEM CONTROL NUMBER
System control number (BD-RjUL)22516
040 ## - CATALOGING SOURCE
Transcribing agency CWR
Modifying agency OCL
-- BD-RjUL
Original cataloging agency BD-RjUL
Language of cataloging eng
041 ## - LANGUAGE CODE
Language code of text/sound track or separate title eng
082 ## - DEWEY DECIMAL CLASSIFICATION NUMBER
Classification number 824.91
Author mark and year RUF 1961
090 ## - LOCALLY ASSIGNED LC-TYPE CALL NUMBER (OCLC); LOCAL CALL NUMBER (OCLC)
Classification number (OCLC) (R) ; Classification number, CALL (RLIN) (NR) B1649
Local cutter number (OCLC) ; Book number/undivided call number, CALL (RLIN) .R91 1961
100 10 - MAIN ENTRY--PERSONAL NAME
Personal name Russell, Bertrand,
Dates associated with a name 1872-1970.
9 (RLIN) 69335
245 10 - TITLE STATEMENT
Title Fact and fiction /
260 ## - PUBLICATION, DISTRIBUTION, ETC. (IMPRINT)
Place of publication, distribution, etc. London :
Name of publisher, distributor, etc. Allen & Unwin,
Date of publication, distribution, etc. c1961.
300 ## - PHYSICAL DESCRIPTION
Pagination 282 p. ;
Size 22 cm.
650 ## - SUBJECT ADDED ENTRY--TOPICAL TERM
Topical term or geographic name as entry element Filosofie
9 (RLIN) 712
Topical term or geographic name as entry element Russell, Bertrand, 1872-1970 Selected works
9 (RLIN) 69336
942 ## - ADDED ENTRY ELEMENTS (KOHA)
Source of classification or shelving scheme Dewey Decimal Classification
Koha item type Books
Holdings
Lost status Source of classification or shelving scheme Damaged status Not for loan Collection code Permanent Location Current Location Shelving location Date acquired Source of acquisition Cost, normal purchase price Total Checkouts Full call number Date last seen Copy number Koha item type
  Dewey Decimal Classification     Fiction Central Library, University of Rajshahi Central Library, University of Rajshahi   16/05/1968 Zeitlinger 18.00   824.91 RUF 1961 08/03/2014 C-3 Books
  Dewey Decimal Classification   Not For Loan Non-fiction Central Library, University of Rajshahi Central Library, University of Rajshahi Reading Room 21/06/2025 Swuits & zeitlinger 18.00   824.91 RUF 1961 21/06/2025 C-1 Books
  Dewey Decimal Classification     Non-fiction Central Library, University of Rajshahi Central Library, University of Rajshahi General Stacks 23/06/2025 Swuits & zeitlinger 18.00   824.91 RUF 1961 23/06/2025 C-2 Books